<?xml version="1.0" encoding="UTF-8"?>
<collection xmlns="http://www.loc.gov/MARC21/slim">
 <record>
  <leader>01725aam a22002418a 4500</leader>
  <controlfield tag="001">NCT_18400</controlfield>
  <controlfield tag="008">160713s2016                  ||||||viesd</controlfield>
  <datafield tag="999" ind1=" " ind2=" ">
   <subfield code="c">872</subfield>
   <subfield code="d">872</subfield>
  </datafield>
  <datafield tag="020" ind1=" " ind2=" ">
   <subfield code="a">9786047340132</subfield>
   <subfield code="c">78000</subfield>
  </datafield>
  <datafield tag="082" ind1="0" ind2="4">
   <subfield code="2">23rd ed.</subfield>
   <subfield code="a">628.14</subfield>
   <subfield code="b">Th455</subfield>
  </datafield>
  <datafield tag="100" ind1="1" ind2=" ">
   <subfield code="a">Nguyễn Thống</subfield>
  </datafield>
  <datafield tag="245" ind1="1" ind2="0">
   <subfield code="a">Cấp thoát nước</subfield>
   <subfield code="c">Nguyễn Thống</subfield>
  </datafield>
  <datafield tag="260" ind1=" " ind2=" ">
   <subfield code="a">Tp. Hồ Chí Minh</subfield>
   <subfield code="b">Nxb. Đại học Quốc gia Tp. Hồ Chí Minh</subfield>
   <subfield code="c">2016</subfield>
  </datafield>
  <datafield tag="300" ind1=" " ind2=" ">
   <subfield code="a">362tr.</subfield>
   <subfield code="b">hình vẽ, bảng</subfield>
   <subfield code="c">24cm</subfield>
  </datafield>
  <datafield tag="500" ind1=" " ind2=" ">
   <subfield code="a">ĐTTS ghi: Trường đại học Mở Tp. Hồ Chí Minh. Khoa Xây dựng - Kiến trúc</subfield>
  </datafield>
  <datafield tag="520" ind1="3" ind2=" ">
   <subfield code="a">Trình bày những kiến thức về cấp thoát nước gồm: Nhu cầu dùng nước và nguồn nước, công trình thu nước, thiết bị và công trình phổ biến trong hệ thống cấp nước, hệ thống cấp nước cho khu vực, hệ thống thoát nước, xử lý nước... với những bài tập có kèm lời giải</subfield>
  </datafield>
  <datafield tag="653" ind1=" " ind2=" ">
   <subfield code="a">Quản lý tài nguyên &amp; Môi trường</subfield>
  </datafield>
  <datafield tag="655" ind1=" " ind2=" ">
   <subfield code="a">Kỹ thuật môi trường</subfield>
  </datafield>
  <datafield tag="942" ind1=" " ind2=" ">
   <subfield code="2">ddc</subfield>
   <subfield code="c">BK</subfield>
  </datafield>
  <datafield tag="952" ind1=" " ind2=" ">
   <subfield code="0">0</subfield>
   <subfield code="1">0</subfield>
   <subfield code="2">ddc</subfield>
   <subfield code="4">0</subfield>
   <subfield code="6">628_140000000000000_TH455</subfield>
   <subfield code="7">0</subfield>
   <subfield code="9">5596</subfield>
   <subfield code="a">000001</subfield>
   <subfield code="b">000001</subfield>
   <subfield code="d">2017-12-08</subfield>
   <subfield code="o">628.14 Th455</subfield>
   <subfield code="p">MD.04351</subfield>
   <subfield code="r">2017-12-08</subfield>
   <subfield code="v">78000.00</subfield>
   <subfield code="w">2017-12-08</subfield>
   <subfield code="y">BK</subfield>
  </datafield>
  <datafield tag="952" ind1=" " ind2=" ">
   <subfield code="0">0</subfield>
   <subfield code="1">0</subfield>
   <subfield code="2">ddc</subfield>
   <subfield code="4">0</subfield>
   <subfield code="6">628_140000000000000_TH455</subfield>
   <subfield code="7">0</subfield>
   <subfield code="9">5597</subfield>
   <subfield code="a">000001</subfield>
   <subfield code="b">000001</subfield>
   <subfield code="d">2017-12-08</subfield>
   <subfield code="l">1</subfield>
   <subfield code="o">628.14 Th455</subfield>
   <subfield code="p">MD.04352</subfield>
   <subfield code="r">2019-03-13</subfield>
   <subfield code="s">2019-03-01</subfield>
   <subfield code="v">78000.00</subfield>
   <subfield code="w">2017-12-08</subfield>
   <subfield code="y">BK</subfield>
  </datafield>
  <datafield tag="952" ind1=" " ind2=" ">
   <subfield code="0">0</subfield>
   <subfield code="1">0</subfield>
   <subfield code="2">ddc</subfield>
   <subfield code="4">0</subfield>
   <subfield code="6">628_140000000000000_TH455</subfield>
   <subfield code="7">0</subfield>
   <subfield code="9">5598</subfield>
   <subfield code="a">000001</subfield>
   <subfield code="b">000001</subfield>
   <subfield code="d">2017-12-08</subfield>
   <subfield code="o">628.14 Th455</subfield>
   <subfield code="p">MD.04353</subfield>
   <subfield code="r">2017-12-08</subfield>
   <subfield code="v">78000.00</subfield>
   <subfield code="w">2017-12-08</subfield>
   <subfield code="y">BK</subfield>
  </datafield>
  <datafield tag="980" ind1=" " ind2=" ">
   <subfield code="a">Thư viện Trường Đại học Nam Cần Thơ</subfield>
  </datafield>
 </record>
</collection>
